000
00305nam a2200133Ia 4500
008
240624s9999 xx 000 0 und d
041
_a
eng
082
_a
332.67 ROG
100
_a
ROGERS JIM
245
_a
BULL IN CHINA
260
_c
2007
_a
New Jersey
_b
Wiley
300
_a
221 p.; 21 cm.
365
_c
_b
28
999
_c
29633
_d
29633